[Event "Medellin de La Raza U2000 op"]
[Site "Medellin"]
[Date "2023.10.15"]
[Round "7"]
[White "Ramirez Reina, Orlando"]
[Black "Cortes Morales, Jeronimo"]
[Result "0-1"]
[WhiteElo "1302"]
[BlackElo "1096"]
[PlyCount "33"]
[EventDate "2023.10.12"]
[EventType "swiss"]
[EventRounds "9"]
[EventCountry "COL"]
[SourceTitle "Mega2024 Update 01"]
[Source "Chessbase"]
[SourceDate "2023.11.12"]
[SourceVersion "1"]
[SourceVersionDate "2023.11.12"]
[SourceQuality "1"]

1. e4 c5 2. b4 d6 3. bxc5 dxc5 4. Nc3 Nc6 5. Bc4 Nf6 6. h3 g6 7. d3 Bg7 8. Nf3 a6 9. 0-0 0-0 10. Re1 Bd7 11. Bf4 e6 12. Qd2 Qa5 13. Rab1 Nh5 14. Be3 Bxc3 15. Qe2 Bxe1 16. Qxe1 Qxe1+ 17. Nxe1 0-1

[Event "Medellin de La Raza U2000 op"]
[Site "Medellin"]
[Date "2023.10.13"]
[Round "2"]
[White "Cortes Morales, Jeronimo"]
[Black "Sanchez Navarrete, Sonia Ximena"]
[Result "0-1"]
[WhiteElo "1096"]
[BlackElo "1626"]
[PlyCount "23"]
[EventDate "2023.10.12"]
[EventType "swiss"]
[EventRounds "9"]
[EventCountry "COL"]
[SourceTitle "Mega2024 Update 01"]
[Source "Chessbase"]
[SourceDate "2023.11.12"]
[SourceVersion "1"]
[SourceVersionDate "2023.11.12"]
[SourceQuality "1"]

1. e4 c5 2. Nf3 e6 3. d4 cxd4 4. Nxd4 a6 5. Nc3 Qc7 6. Be3 Nf6 7. Be2 Bb4 8. Bd2 Bxc3 9. Bxc3 Nxe4 10. Qd3 Nxc3 11. Qxc3 Qxc3+ 12. bxc3 0-1

[Event "Sabaneta op-B 2nd"]
[Site "Sabaneta Antioquia"]
[Date "2023.07.03"]
[Round "9"]
[White "Cortes Morales, Jeronimo"]
[Black "Aristizabal Melguiso, Martin"]
[Result "1-0"]
[WhiteElo "1069"]
[BlackElo "1273"]
[PlyCount "51"]
[EventDate "2023.06.28"]
[EventType "swiss"]
[EventRounds "9"]
[EventCountry "COL"]
[SourceTitle "EXT 2024"]
[Source "ChessBase"]
[SourceDate "2023.10.10"]
[SourceVersion "1"]
[SourceVersionDate "2023.10.10"]
[SourceQuality "1"]

1. e4 e5 2. Nf3 Nc6 3. Bb5 a6 4. Ba4 Nf6 5. d3 d6 6. 0-0 Bg4 7. Nbd2 Be7 8. Re1 0-0 9. Nf1 Nd4 10. h3 Nxf3+ 11. gxf3 Bxh3 12. Ng3 b5 13. Bb3 c6 14. f4 exf4 15. Bxf4 a5 16. c3 a4 17. Bc2 a3 18. b3 Qa5 19. b4 Qc7 20. Be3 Qb7 21. d4 Qd7 22. Qd3 Rad8 23. Bg5 Rfe8 24. Bxf6 Bxf6 25. e5 g6 26. exf6 1-0

[Event "Sabaneta op-B 2nd"]
[Site "Sabaneta Antioquia"]
[Date "2023.06.28"]
[Round "1"]
[White "Cortes Morales, Jeronimo"]
[Black "Alvarez, Juan P"]
[Result "0-1"]
[WhiteElo "1069"]
[BlackElo "1952"]
[PlyCount "38"]
[EventDate "2023.06.28"]
[EventType "swiss"]
[EventRounds "9"]
[EventCountry "COL"]
[SourceTitle "EXT 2024"]
[Source "ChessBase"]
[SourceDate "2023.10.10"]
[SourceVersion "1"]
[SourceVersionDate "2023.10.10"]
[SourceQuality "1"]

1. e4 c5 2. Nf3 d6 3. d4 cxd4 4. Nxd4 Nf6 5. Nc3 g6 6. f3 Bg7 7. Be3 Nc6 8. Qd2 0-0 9. 0-0-0 d5 10. Nxc6 bxc6 11. Kb1 Rb8 12. exd5 Nxd5 13. Bd4 Bxd4 14. Nxd5 Bxb2 15. Nb4 Bc3 16. Qxd8 Rxb4+ 17. Kc1 Bb2+ 18. Kd2 Rxd8+ 19. Ke2 Ba6+ 0-1

[Event "Medellin Easter op 11th"]
[Site "Medellin"]
[Date "2023.04.05"]
[Round "1"]
[White "Cortes Morales, Jeronimo"]
[Black "Perez Lujan, Mateo"]
[Result "0-1"]
[WhiteElo "1072"]
[BlackElo "1917"]
[PlyCount "50"]
[EventDate "2023.04.05"]
[EventType "swiss"]
[EventRounds "7"]
[EventCountry "COL"]
[SourceTitle "CBM 213 Extra"]
[Source "ChessBase"]
[SourceDate "2023.05.31"]
[SourceVersion "1"]
[SourceVersionDate "2023.05.31"]
[SourceQuality "1"]

1. e4 g6 2. Nc3 Bg7 3. d4 d6 4. f4 Nd7 5. Nf3 e5 6. d5 Ne7 7. Be3 h6 8. Qd2 f5 9. 0-0-0 fxe4 10. Nxe4 Nf5 11. fxe5 Nxe3 12. Qxe3 Nxe5 13. Nxe5 Bxe5 14. Bb5+ c6 15. dxc6 0-0 16. Bc4+ Kh7 17. cxb7 Bxb7 18. Bd5 Bf4 19. Qxf4 Rxf4 20. Bxb7 Rb8 21. Rxd6 Qe7 22. Bc6 Qe5 23. Rd7+ Kh8 24. c3 Rxe4 25. Bxe4 Qxe4 0-1

[Event "Sabaneta op-B 1st"]
[Site "Sabaneta"]
[Date "2022.11.29"]
[Round "6"]
[White "Gil Giraldo, Oscar Leandro"]
[Black "Cortes Morales, Jeronimo"]
[Result "1-0"]
[WhiteElo "1285"]
[BlackElo "1500"]
[PlyCount "37"]
[EventDate "2022.11.25"]
[EventType "swiss"]
[EventRounds "8"]
[EventCountry "COL"]
[SourceTitle "CBM 211 Extra"]
[Source "ChessBase"]
[SourceDate "2023.01.31"]
[SourceVersion "1"]
[SourceVersionDate "2023.01.31"]
[SourceQuality "1"]

1. e4 e5 2. Nf3 d6 3. d4 Nf6 4. Bg5 Be7 5. Nc3 Nc6 6. Bb5 Bd7 7. d5 Nb4 8. a3 Na6 9. Bxa6 bxa6 10. 0-0 0-0 11. Qd3 Qc8 12. Nd2 Qb7 13. f4 Rfe8 14. fxe5 Qb6+ 15. Kh1 Ng4 16. Nc4 Nf2+ 17. Rxf2 Qxf2 18. Rf1 Qxf1+ 19. Qxf1 1-0